000 00573nam a2200169Ia 4500
008 130821s1974 mx gr spa
040 _aCo-BoUCM
_bspa
041 _aspa
100 _aPropercio, Sexto
_9155793
245 _aElegías
_cSexto Propercio; introducción, versión rítmica y notas de Rubén Bonifaz Nuño
260 _aMéxico D.F. (México)
_bUNAM
_c1974
300 _apáginas volúmenes
500 _aTexto latin y español
650 0 4 _aPoesía lírica
_921830
942 _cLIBRO
_a18
_e1
_mP76E
_2DEWEY
_h874.4
_n0
999 _c12385
_d12385